| 000 | 00457nam a22001697a 4500 | ||
|---|---|---|---|
| 005 | 20160805094242.0 | ||
| 008 | 160805b xxu||||| |||| 00| 0 eng d | ||
| 020 | _a9780230221178 | ||
| 040 | _cPK-LaUMT | ||
| 082 |
_a363.325 _bTER- |
||
| 100 | _aJackson, Richard | ||
| 245 |
_aTerrorism _ba critical introduction _cRichard Jackson . . . [et al] |
||
| 260 |
_aLondon: _bPalgrave macmillan, _c2011 |
||
| 300 | _a332 P. | ||
| 650 | _aTerrorism | ||
| 942 | _cBK | ||
| 999 |
_c87373 _d87373 |
||